[Event "XLIII Sevilla Open 2018"]
[Site "Sevilla"]
[Date "2018.01.17"]
[Round "6"]
[White "Larino Nieto, David"]
[Black "Diaz Castro, Sergio"]
[Result "0-1"]
[WhiteElo "2464"]
[BlackElo "2263"]
[Annotator "TA"]
[PlyCount "138"]
[EventDate "2018.??.??"]
[EventType "swiss"]
[EventCountry "ESP"]
[SourceTitle "playchess.com"]
[Source "ChessBase"]
[SourceQuality "1"]

{[%evp 9,138,-48,-35,-42,-46,-40,-33,-40,-35,-27,-31,-91,-80,-87,-90,-82,-76,-86,-76,-71,-68,-71,-62,-136,-103,-116,-116,-125,-137,-188,4,4,291,283,355,139,350,110,87,90,75,-6,-10,-41,-55,-314,-166,-189,-199,-203,-204,-197,-201,-202,-190,-200,-190,-192,-192,-239,-245,-234,-154,-152,-149,-137,-137,-197,-178,-237,-220,-258,-244,-303,-303,-299,-279,-317,-318,-303,-302,-368,-368,-361,-343,-461,-457,-527,-504,-677,-675,-783,-645,-655,-630,-966,-972,-960,-958,-921,-891,-1732,-2171,-1944,-1854,-1909,-1841,-2079,-1746,-1718,-1671,-1434,0,-727,0,-1385,-1233,-1133,-1047,-1513,-2739,-1318,-1178,-29984,-29985,-29985,-29986,-29986,-29987,-29987,-29988]} 1. e4 e6 2. d3 d5 3. Bf4 (3. Nd2 Nf6 4. Ngf3 c5 5. g3 Nc6 6. Bg2 Be7 7. O-O O-O 8. Re1 b5 9. e5 Nd7 10. Nf1 a5 11. Bf4 b4 12. h4 a4 13. N1h2 a3 14. b3 Bb7 15. Bh3 Rc8 16. Rc1 Re8 17. Ng5 Bxg5 18. hxg5 Nf8 19. Qh5 Nd4 20. Bg2 Re7 {0-1 (40) Duda,J (2707)-So,W (2810) Leon 2017}) 3... dxe4 4. Nc3 exd3 5. Bxd3 Nf6 6. Qf3 $146 {C00: French: Unusual White 2nd moves} ({Predecessor:} 6. Qe2 Bb4 7. O-O-O Qe7 8. Ne4 Nc6 9. Nf3 e5 10. Bg5 Bg4 11. Bb5 {1-0 (36) Blum,G (2235)-Seitz,H Forchheim 1993}) 6... Bd6 7. O-O-O Nc6 8. Nge2 {Black is slightly better.} Qe7 9. Rhe1 Bd7 10. Ng3 (10. Bxd6 $15 cxd6 11. Ng3) 10... Bxf4+ $17 11. Qxf4 O-O-O $1 12. a3 Kb8 13. Nf5 Qf8 14. Ne3 e5 15. Qh4 Be6 16. g4 ({Better is} 16. Bb5 $15) 16... Nd4 17. Qg3 Qc5 18. Nf5 {[#]} Nxg4 $1 {[%mdl 512]} 19. Nxg7 (19. Qxg4 $17 {was worth a try.} g6 20. Qg3 Nxf5 21. Rxe5 Nxg3 22. Rxc5) 19... Rhg8 $2 (19... Bc8 $1 $19 {aiming for ...Nxf2!} 20. Kb1 Rhg8) 20. Nxe6 $11 Nxe6 $4 {[%mdl 8192]} (20... fxe6 $11 {and Black stays safe.} 21. Bxh7 Rh8) 21. Bxh7 $18 Rg7 22. Rxd8+ Nxd8 {[#]} 23. Rd1 $2 (23. Qh4 $1 $18 {[%cal Rh4d8] is the precise move to win.} Qf8 24. Bf5) 23... Nc6 $16 24. Qh4 {Intending Qd8+! and mate.} a6 25. Ne4 (25. Rg1 $16 Qf8 26. Be4 (26. Rxg4 Rxg4 27. Qxg4 Qh6+ 28. Kb1 Qxh7 $11)) 25... Qe7 $36 {[%mdl 2048] Black fights for an advantage.} 26. Qh3 {Black must now prevent Bf5.} Nd4 {Threatens to win with ...f5.} 27. c3 $2 {[%mdl 8192]} (27. Qh5 $1 $15) 27... Ne2+ (27... f5 $142 28. cxd4 fxe4) 28. Kb1 {And now Bf5 would win.} Nf4 29. Qg3 {[#]} f5 $1 ({Inferior is} 29... Rxh7 30. Qxg4 Rh8 31. Rd7 $11) 30. Bxf5 Nh6 $1 {[%csl LRf5,LRg3]} 31. Rd7 Rxg3 32. Rxe7 Rg1+ 33. Kc2 Nxf5 34. Re8+ (34. Rxe5 {might work better.} Nh4 35. Re8+ Ka7 36. Rf8) 34... Ka7 $19 35. Rxe5 Nd6 36. Nxd6 cxd6 $17 {[%mdl 4096] Endgame KRN-KR} 37. Rf5 Ng6 38. Kd3 (38. Rf6 $17) 38... Kb6 $19 39. Ke4 (39. f4 $142) 39... Kc6 40. f4 Re1+ 41. Kd3 Rh1 42. Rf6 Nh4 43. c4 Rxh2 44. b4 b6 {[%cal Bb7b6,Bb6a5][%mdl 32]} 45. a4 a5 46. bxa5 bxa5 47. Rf7 Ra2 48. Rh7 Ng6 49. Ke4 Rxa4 50. Kf5 Nf8 51. Rh8 Nd7 52. Ke6 {White wants to play Rc8+.} Nc5+ 53. Ke7 Rxc4 54. Rc8+ Kb7 55. Rf8 Kc7 {( -> ...Re4+)} 56. f5 Re4+ 57. Kf7 a4 58. Ra8 Kb7 59. Ra5 Kb6 60. Ra8 Kb7 61. Ra5 Kb6 62. Ra8 Na6 63. Rd8 Kc5 64. f6 a3 65. Rc8+ Kb5 66. Re8 Rxe8 {Black mates.} 67. Kxe8 Nc7+ 68. Kd7 Nd5 69. f7 Nf6+ {Precision: White = 34%, Black = 59%.} 0-1

[Event "XLIII Sevilla Open 2018"]
[Site "Sevilla"]
[Date "2018.01.17"]
[Round "6"]
[White "Gomez Ledo, Roberto Carlos"]
[Black "Gleizerov, Evgeny"]
[Result "1/2-1/2"]
[WhiteElo "2436"]
[BlackElo "2509"]
[Annotator "TA"]
[PlyCount "100"]
[EventDate "2018.??.??"]
[EventType "swiss"]
[EventCountry "ESP"]
[SourceTitle "playchess.com"]
[Source "ChessBase"]
[SourceQuality "1"]

{[%evp 13,100,18,18,0,0,-22,0,0,12,0,0,-18,0,0,0,0,2,4,1,0,0,0,0,0,0,0,0,0,14,0,0,-31,-31,-30,-30,-47,-51,-45,-18,-72,-59,-91,-99,-191,-189,-282,0,0,0,0,0,0,0,0,0,0,0,0,0,0,0,0,0,0,0,0,0,0,0,0,0,0,0,0,0,0,0,0,0,0,0,0,0,0,0,0,0,0,0]} 1. d4 e6 2. Bf4 f5 3. e3 Nf6 4. Nf3 Be7 5. h3 O-O 6. Be2 {A80: Dutch Defence: Unusual White second moves} b6 7. O-O Bb7 {LiveBook: 13 Games} 8. Nfd2 $146 ({Predecessor:} 8. c4 Ne4 9. Nfd2 Nxd2 10. Nxd2 d6 11. Bf3 Bxf3 12. Nxf3 Nd7 13. Qa4 a5 {½-½ (30) Shankland,S (2656)-Ivanchuk,V (2733) Edmonton 2015}) 8... c5 9. Bf3 Bxf3 10. Nxf3 d5 11. Ne5 Nfd7 12. Nxd7 Nxd7 13. Nd2 b5 14. a4 a6 15. Nf3 Qb6 16. Ne5 Nxe5 17. Bxe5 c4 18. axb5 axb5 19. Qf3 Qc6 20. Qg3 {[%csl Ge5][%cal Rg3g7]} Rf7 21. Kh1 Bf8 22. Qg5 Rfa7 23. Rxa7 Rxa7 24. g4 fxg4 25. Qxg4 Qe8 26. Rg1 (26. e4 $11) 26... Qf7 $17 27. Qh4 Qf5 28. Rg4 (28. Qg4 $17 {is a better defense.}) 28... Qxc2 $19 29. e4 (29. Kh2 $142) 29... Rf7 $2 {[#]} ({Stronger than} 29... Qxb2 {[#]} 30. Bxg7 $1 {[%mdl 512]} h5 31. Be5+ hxg4 32. Qh8+ Kf7 33. Qf6+ Kg8 34. Qh8+ Kf7 35. Qf6+ Ke8 36. Qxe6+ Re7 37. Qc6+ Rd7 38. Qe6+ Re7 39. Qc6+ Kd8 40. Qa8+ Kd7 41. Qxd5+ Ke8 42. Qc6+ Kf7 43. Qf6+ Kg8 44. Qh8+ Kf7 45. Qh5+ Kg8 46. Qh8+ Kf7 47. Qh5+ Kg8 48. Qh8+ $11) (29... Qc1+ $19 30. Kh2 Rf7) 30. Bxg7 $1 $11 {[%mdl 512] The position is equal.} Qd1+ ({Not} 30... Rxf2 31. Bxf8+ Kxf8 32. Qd8+ Kf7 33. Qg8+ Ke7 34. Rg7+ Kd6 35. e5+ Kc6 36. Qxe6#) (30... Rxg7 31. Rxg7+) 31. Kh2 Rxg7 32. Rxg7+ Bxg7 33. Qd8+ $1 Kf7 34. Qc7+ $1 Kg6 35. Qg3+ Kh6 {Hoping for ...Qd2.} 36. Qf4+ Kg6 37. Qg3+ Kf7 38. Qc7+ Kg8 39. Qd8+ Bf8 40. Qg5+ Kf7 41. Qf4+ Kg6 {Strongly threatening ...Be7.} 42. Qg3+ Kf7 43. Qf4+ Kg8 44. Qg5+ Bg7 45. Qd8+ $1 Kf7 46. Qc7+ $1 Kg6 47. Qg3+ Kh5 48. Qxg7 Qe2 49. Qe5+ Kh4 50. Qg3+ Kh5 {Precision: White = 50%, Black = 77%.} 1/2-1/2

[Event "XLIII Sevilla Open 2018"]
[Site "Sevilla"]
[Date "2018.01.17"]
[Round "6"]
[White "Carrasco Martinez, Juan M"]
[Black "Saric, Ante"]
[Result "0-1"]
[WhiteElo "2373"]
[BlackElo "2537"]
[Annotator "TA"]
[PlyCount "66"]
[EventDate "2018.??.??"]
[EventType "swiss"]
[EventCountry "ESP"]
[SourceTitle "playchess.com"]
[Source "ChessBase"]
[SourceQuality "1"]

{[%evp 15,66,0,-8,-35,-15,-14,0,-19,-12,-13,-20,-18,-11,-18,-24,-14,-2,-18,-18,-51,-48,-99,-107,-127,-134,-139,-135,-140,-55,-90,-92,-104,-100,-90,-87,-241,-228,-231,-231,-239,-239,-239,-239,-242,-179,-247,-248,-395,-388,-388,-388,-500,-498]} 1. e4 c5 2. Nc3 d6 3. Bb5+ Bd7 4. a4 Nc6 5. f4 g6 6. Nf3 {B23: Closed Sicilian: Lines without g3} Bg7 7. O-O e6 8. d3 (8. Bxc6 Bxc6 9. Kh1 Nf6 10. d3 O-O 11. Be3 b6 12. Qe1 d5 13. e5 d4 14. exf6 Bxf6 {1-0 (67) Amonatov,F (2636)-Kokarev,D (2615) Riadh 2017}) 8... Nge7 {LiveBook: 5 Games} 9. Bd2 Nd4 $146 ({Predecessor:} 9... O-O 10. Qe1 Nd4 11. Rc1 Bxb5 12. axb5 Qb6 13. Qh4 {½-½ (59) Ivkovic,D (2257)-Stojkovic,N (2081) Pancevo 2005}) 10. Nxd4 cxd4 11. Bxd7+ Qxd7 12. Ne2 O-O 13. c4 dxc3 14. Bxc3 Bxc3 15. bxc3 Rac8 16. Qb3 d5 17. Ng3 h5 18. exd5 (18. e5 $15) 18... Nxd5 $17 19. c4 Ne3 20. Rfe1 Qd4 {( -> ...Nd1+)} 21. Ne2 Qf6 ({Black should play} 21... Qd6 $17 22. d4 Nxc4 23. Qxb7 Ne3) 22. Rac1 b6 $40 {[%mdl 128] Black goes for the king.} 23. d4 Nf5 24. Red1 Rfd8 {[%cal Rf5d4]} 25. d5 $2 (25. Qc3 $17) 25... exd5 $19 26. cxd5 {[#]} Nd4 $1 {[%mdl 512]} 27. Qd3 (27. Rxd4 Rxc1+) 27... Nxe2+ 28. Qxe2 Rxc1 (28... Qxf4 29. Rxc8 Rxc8 30. d6 $11) 29. Rxc1 Rxd5 {KQR-KQR} 30. Qe8+ (30. Qe4 {was called for.} Rd2 31. f5) 30... Kg7 31. Rf1 (31. Qe3 $142) 31... Qd4+ 32. Kh1 {[#]} Qxf4 $1 {[%cal Rf4f1][%mdl 512]} 33. Re1 (33. Rxf4 Rd1+) 33... Ra5 {Precision: White = 26%, Black = 72%.} 0-1

[Event "XLIII Sevilla Open 2018"]
[Site "Sevilla"]
[Date "2018.01.17"]
[Round "6"]
[White "Alshameary Puente, Ismael"]
[Black "Swapnil, S  Dhopade"]
[Result "0-1"]
[WhiteElo "2342"]
[BlackElo "2533"]
[Annotator "TA"]
[PlyCount "58"]
[EventDate "2018.??.??"]
[EventType "swiss"]
[EventCountry "ESP"]
[SourceTitle "playchess.com"]
[Source "ChessBase"]
[SourceQuality "1"]

{[%evp 29,58,29,51,-19,51,41,47,50,54,64,94,66,83,-16,-19,-411,-406,-703,-698,-645,-552,-1178,-1020,-29990,-29991,-29991,-29992,-29996,-29990,-29997,-29998]} 1. d4 Nf6 2. c4 e6 3. Nc3 Bb4 4. e3 O-O 5. Bd3 d5 6. Nf3 dxc4 7. Bxc4 c5 8. O-O Nc6 9. a3 Bxc3 10. bxc3 Qc7 11. h3 e5 {[%cal Be6e5,Be5e4][%mdl 32] E58: Nimzoindisch (Moderne Variante)} 12. Qe2 Bf5 13. Bb2 Rad8 14. Rfd1 (14. Bb5 e4 15. Nd2 Bg6 16. Nb3 Bh5 17. g4 Bg6 18. Nxc5 h5 19. f4 exf3 20. Qxf3 hxg4 21. hxg4 {0-1 (30) Korobov,A (2687)-Hou,Y (2649) Bastia 2016}) 14... e4 15. Nd2 Bg6 {LiveBook: 3 Partien} 16. Nf1 {[#]} ({Lieber} 16. a4 $14) 16... h5 $146 (16... Bh5 $11 17. g4 Bg6) ({Vorgänger:} 16... Na5 17. Nd2 Bh5 18. g4 Bg6 19. Ba2 h5 20. Kh1 {½-½ (37) Babula,V (2569)-Werle,J (2563) Novi Sad 2009}) 17. Ba2 h4 18. Qb5 Nd7 19. a4 ({Doch nicht} 19. dxc5 Nce5 $15) 19... a6 20. Qe2 Nf6 21. Qc4 (21. Rdc1 $16) 21... Rd5 $1 $11 22. dxc5 $2 {[%mdl 8192] [#]} (22. Nd2 $11 {und Weiss muss sich keine Sorgen machen.}) 22... Rg5 $1 $19 23. Rd6 (23. Kh1 $142 Ne5 24. Qb4) 23... Ne5 24. Qb4 Qc8 25. Kh1 Qf5 (25... Nd3 $2 26. Rxd3 exd3 27. Qxh4 $17) 26. Rad1 Rxg2 {Schwarz setzt Matt.} (26... Qxf2 $2 27. R6d2 $19) 27. Kxg2 Qf3+ 28. Kh2 Qxf2+ 29. Kh1 Nf3 {Precision: Weiß = 26%, Schwarz = 60%.} 0-1

[Event "XLIII Sevilla Open 2018"]
[Site "Sevilla"]
[Date "2018.01.17"]
[Round "6"]
[White "Gutierrez Olivares, Daniel"]
[Black "Ulybin, Mikhail"]
[Result "1/2-1/2"]
[WhiteElo "2324"]
[BlackElo "2519"]
[Annotator "TA"]
[PlyCount "62"]
[EventDate "2018.??.??"]
[EventType "swiss"]
[EventCountry "ESP"]
[SourceTitle "playchess.com"]
[Source "ChessBase"]
[SourceQuality "1"]

{[%evp 9,62,27,37,17,11,6,18,-5,-12,-15,0,0,6,-30,-17,-72,-59,-70,-51,-70,-18,-20,-25,-136,-120,-162,-48,-70,-77,-70,-39,-89,-50,-46,-3,-3,-6,-8,0,-10,-10,-14,4,4,4,0,0,0,2,0,0,0,10,0,0]} 1. d4 e6 2. c4 f5 3. g4 Nf6 (3... fxg4 4. h3 g3 5. fxg3 c5 6. Nf3 cxd4 7. Qxd4 Nc6 8. Qd3 Nf6 9. Nc3 Nb4 10. Qd1 d5 11. Bf4 {½-½ (23) Petrosian,T (2627)-Grigoryan,A (2534) Yerevan 2010}) 4. gxf5 exf5 5. Nc3 Bb4 6. Qd3 {A84: Dutch Defence: 2 c4 Miscellaneous} O-O $146 ({Predecessor:} 6... d5 7. Bg2 Ne4 8. cxd5 Bxc3+ 9. bxc3 Qxd5 10. Ba3 Nc6 11. Nh3 {½-½ (62) Eschke,L (2166)-Czeratzki,M (2127) Idar Oberstein 2008}) 7. Bg2 Nc6 {[%cal Bb8c6,Bc6e7,Be7g6][%mdl 32]} 8. Bd2 Ne7 9. Nh3 Bxc3 10. bxc3 Ng6 11. Bg5 d6 12. O-O (12. Nf4 $11 {keeps the balance.} Qe8 13. Rg1) 12... h6 $17 13. Bf4 Qe8 14. Rab1 Rb8 (14... Ne4 $15) 15. c5 $11 Nh5 16. Bc1 (16. Qe3 $11) 16... f4 $17 {White must now prevent ...Bf5.} 17. cxd6 {[#]} cxd6 (17... c6 $1 $19 {Threatens to win with ...Nh4.} 18. Be4 Nh4) 18. Qb5 $15 Bf5 19. Qxe8 Rbxe8 20. Rb5 Kh8 {Strongly threatening ...Nh4.} 21. e4 fxe3 22. fxe3 {The position is equal.} Nh4 23. e4 $132 {[%mdl 2048] White is not keeping still} Bg4 24. Rxf8+ Rxf8 25. Nf2 Bf3 26. Bxf3 Nxf3+ 27. Kg2 Ne1+ 28. Kg1 Nf3+ 29. Kg2 Ne1+ 30. Kg1 Nf3+ 31. Kg2 Ne1+ {Precision: White = 44%, Black = 54%.} 1/2-1/2

[Event "XLIII Sevilla Open 2018"]
[Site "Sevilla"]
[Date "2018.01.17"]
[Round "6"]
[White "Lopez Gonzalez, Daniel"]
[Black "Matamoros Franco, Carlos S"]
[Result "0-1"]
[WhiteElo "2285"]
[BlackElo "2484"]
[Annotator "TA"]
[PlyCount "54"]
[EventDate "2018.??.??"]
[EventType "swiss"]
[EventCountry "ESP"]
[SourceTitle "playchess.com"]
[Source "ChessBase"]
[SourceQuality "1"]

{[%evp 11,54,-4,0,-35,-34,-45,-42,-35,-23,-51,-49,-49,-42,-42,-29,-40,-36,-62,-62,-67,-55,-60,-55,-118,-50,-97,-59,-120,-45,-106,-71,-246,-251,-537,-542,-880,-840,-1654,-741,-714,-703,-1226,-1218,-29994,-29995]} 1. c4 e5 2. Nc3 Bb4 3. g3 Bxc3 4. bxc3 d6 5. Bg2 Ne7 6. e3 Nbc6 {LiveBook: 4 Games} 7. Ne2 {A25: English Opening vs King's Indian with ...Nc6 but without early d3} Be6 8. d3 Qd7 9. Rb1 {Black is slightly better.} Rb8 10. O-O Bh3 11. e4 Bxg2 12. Kxg2 f5 13. f3 O-O 14. Be3 b6 $146 ({Predecessor:} 14... Ng6 15. Qd2 Rf7 16. d4 fxe4 17. fxe4 Qg4 18. Qd3 Nh4+ 19. Kh1 Qh3 20. Rg1 Rbf8 {0-1 (20) Correa,A (2265)-Filguth,R (2405) Canela 1987}) 15. Qd2 Rf7 16. Rbe1 Rbf8 17. Qd1 (17. exf5 $15 Rxf5 18. Rf2) 17... h6 ({Reject} 17... fxe4 $6 18. fxe4 Qe8 19. Rxf7 $11) ({Black should play} 17... f4 $1 $17 {[%cal Rf4e3]} 18. Bd2 Ng6) 18. Bg1 Ng6 19. Nc1 (19. exf5 $1 $15 Qxf5 20. Be3) 19... Nd8 (19... f4 $1 $17 20. g4 h5 $1 {[%mdl 512]} 21. gxh5 Nh4+ 22. Kh1 Qh3) 20. d4 (20. exf5 $1 $15 Rxf5 21. Be3) 20... Ne6 21. dxe5 $2 {[#]} (21. exf5 $17 Rxf5 22. Be3) 21... f4 $1 $19 {[%cal Rf4g3] Threatens to win with ...fxg3.} ({Worse is} 21... dxe5 22. exf5 Qxd1 23. Rxd1 $11) ({Less strong is} 21... Nxe5 22. f4 $15) 22. exd6 $2 (22. g4 {was called for.} Nxe5 23. Nd3) 22... fxg3 {Strongly threatening ...Ng5.} 23. hxg3 Ng5 {...Qh3+ is the strong threat.} 24. Bh2 Nxf3 (24... Qh3+ $142 25. Kg1 Nxf3+ 26. Rxf3 Rxf3 27. Qxf3 Rxf3 28. dxc7 Rxc3) 25. Rxf3 Rxf3 26. Qd5+ Kh7 {( -> ...Rf2+)} 27. Nd3 {[#]} Nh4+ $1 {[%mdl 512] Precision: White = 20%, Black = 52%.} 0-1

[Event "XLIII Sevilla Open 2018"]
[Site "Sevilla"]
[Date "2018.01.17"]
[Round "6"]
[White "Esquivias Quintero, Luis Manuel"]
[Black "Starostits, Ilmars"]
[Result "0-1"]
[WhiteElo "2222"]
[BlackElo "2431"]
[Annotator "TA"]
[PlyCount "78"]
[EventDate "2018.??.??"]
[EventType "swiss"]
[EventCountry "ESP"]
[SourceTitle "playchess.com"]
[Source "ChessBase"]
[SourceQuality "1"]

{[%evp 15,78,49,56,46,46,43,74,52,110,82,95,-1,0,0,14,-59,-41,-29,-64,-10,-29,-45,-45,-39,-14,-79,-70,-234,-233,-222,-178,-180,-180,-180,-180,-181,-182,-312,-289,-303,-308,-300,-287,-291,-289,-410,-404,-412,-397,-622,-620,-568,-404,-465,-453,-497,-503,-502,-495,-580,-572,-674,-586,-586,-584]} 1. e4 {[%cal Be2e4,Be4e5][%mdl 32]} c6 {[%cal Bc7c6,Bc6c5][%mdl 32]} 2. d4 d5 3. e5 Bf5 4. Nf3 e6 5. Be2 c5 6. Be3 Nc6 7. O-O Qb6 8. Nc3 {B12: Caro-Kann: Advance Variation} c4 {LiveBook: 16 Games} (8... Qxb2 9. Qe1 cxd4 10. Bxd4 Nxd4 11. Nxd4 Bb4 12. Rb1 Bxc3 13. Rxb2 Bxe1 14. Rxe1 b6 15. Bb5+ Kf8 16. Nxf5 exf5 {½-½ (55) Inarkiev,E (2689)-Riazantsev,A (2650) St Petersburg 2017}) 9. Nh4 Bg6 10. Qd2 $146 {White is slightly better.} ({Predecessor:} 10. Nxg6 hxg6 11. Bxc4 dxc4 12. d5 Qc7 13. dxc6 Qxc6 14. Qg4 Rh5 15. Bf4 Bb4 {1-0 (63) Faber,H (2502)-Nogler,S (2397) Remote email 2013}) 10... Qa5 11. a3 Rd8 (11... Qd8 $14 12. g3 (12. Nxg6 hxg6 13. Rab1 a6 $14) 12... a6) 12. b3 b5 {[%cal Bb7b5,Bb5b4][%mdl 32]} 13. Bg5 (13. g4 $16) 13... Be7 $11 14. Bxe7 Ngxe7 15. a4 ({White should play} 15. Rfd1 $11) 15... b4 $15 16. Nb5 {[#] Nd6+ is the strong threat.} c3 17. Qg5 O-O 18. Nxg6 hxg6 19. Rad1 Qb6 20. a5 (20. Rd3 $11) 20... Qxa5 $17 21. g4 $2 (21. h4 $1 $15) 21... Qb6 $19 22. Qe3 Nc8 23. Ra1 a6 24. Nd6 Qxd4 25. Nxc8 Rxc8 26. Bxa6 (26. Rxa6 $142 Qxe3 27. fxe3) 26... Qxg4+ 27. Qg3 Qxg3+ 28. hxg3 Ra8 (28... Nxe5 29. Bxc8 Rxc8 30. Rfd1 $17) 29. f4 {[#]} g5 $1 30. Ra4 (30. fxg5 {was worth a try.} Nxe5 31. Kf2) 30... gxf4 31. gxf4 Nd4 32. Rxb4 (32. Bd3 $142 Rxa4 33. bxa4) 32... Nxc2 ({Not} 32... Rxa6 33. Rxd4 Ra2 34. Rf2 $17) 33. Ra4 d4 34. Rc1 Ne3 {Black is clearly winning.} 35. Bd3 Rxa4 36. bxa4 Ra8 37. Ra1 Nd5 38. f5 Nb4 39. Be4 Ra5 {Precision: White = 41%, Black = 83%.} 0-1

[Event "XLIII Sevilla Open 2018"]
[Site "Sevilla"]
[Date "2018.01.18"]
[Round "7"]
[White "Kveinys, Aloyzas"]
[Black "Pulvett Marin, Daniel"]
[Result "1/2-1/2"]
[WhiteElo "2547"]
[BlackElo "2438"]
[Annotator "TA"]
[PlyCount "122"]
[EventDate "2018.??.??"]
[EventType "swiss"]
[EventCountry "ESP"]
[SourceTitle "playchess.com"]
[Source "ChessBase"]
[SourceQuality "1"]

{[%evp 9,122,10,72,72,66,71,78,62,55,62,73,91,102,28,43,22,30,29,89,0,4,1,12,-18,10,14,0,-18,0,0,0,-18,0,0,20,8,108,110,106,104,109,107,110,84,70,68,47,54,62,60,66,58,89,96,126,67,77,77,77,77,77,77,78,14,16,10,58,58,58,58,60,63,76,68,80,75,75,17,21,12,48,0,0,0,0,0,0,0,0,0,0,0,0,0,0,0,0,0,0,0,0,0,0,0,0,0,0,-8,0,0,0,0,0,0,0]} 1. d4 Nf6 2. Nf3 e6 3. Bf4 c5 4. e3 b6 5. Nc3 Nh5 $146 (5... a6 $11 {remains equal.}) ({Predecessor:} 5... a6 6. d5 d6 7. dxe6 Bxe6 8. Ng5 d5 9. Nxe6 fxe6 10. g4 h6 11. Bg2 Bd6 12. Ne2 Nc6 {½-½ (62) Karjakin,S (2766)-Ni,H (2693) Doha 2015}) 6. Bg5 {A47: 1 d4 Nf6 2 Nf3 b6: Torre, London and Colle Systems} Be7 7. Bxe7 Qxe7 8. g4 {White is better.} Nf6 9. g5 Nd5 10. Nxd5 exd5 11. Bg2 ({White should try} 11. dxc5 $16 Qxc5 12. c3) 11... Bb7 $1 $11 12. Qd2 Na6 {[%cal Bb8a6,Ba6c7,Bc7b5][%mdl 32]} 13. O-O-O O-O-O (13... c4 $11) 14. Rhg1 (14. dxc5 $16 bxc5 15. h4) 14... c4 15. h4 Nc7 16. Ne5 f6 17. gxf6 gxf6 18. Ng4 Nb5 19. c3 $36 {[%mdl 2048] White has some pressure.} Nd6 20. Qc2 Qe6 21. Qe2 Rhg8 (21... h5 $5 22. Nh2 $8 Bc6 $11) 22. Bh3 Rg6 {[#]} (22... Rgf8 $11) 23. Qf3 $1 $16 Qe4 24. Qxe4 Nxe4 25. f3 h5 26. fxe4 hxg4 27. Rxg4 Rxg4 28. Bxg4 dxe4 {[%mdl 4096] Endgame KRB-KRB} 29. h5 Rh8 $1 30. d5 {[%cal Bd4d5,Bd5d6][%mdl 32]} Kd8 31. d6 Bc6 {[#]} 32. Be2 (32. Rh1 $1 $16) 32... Ke8 33. Rf1 Rh6 34. Bxc4 {Black must now prevent Rg1.} Rxh5 35. Rxf6 {Hoping for Bf7+.} Bd5 36. Be2 ({Better is} 36. Bxd5 $16 {White wants to mate with Bf7+.} Rxd5 37. Rf4) 36... Rh1+ $11 37. Kd2 Rh2 38. b3 Bf7 {...Bh5 is the strong threat.} 39. Ke1 Rh1+ 40. Bf1 Rh2 41. Rf2 Rh6 42. Rd2 Bg6 43. Kf2 (43. Rd4 $16) 43... Kf7 $1 44. Kg3 {aiming for Bh3.} Kf6 45. Bh3 Bf5 {The position is equal.} 46. Bxf5 Kxf5 {KR-KR} 47. c4 Rg6+ 48. Kf2 Rh6 49. Rd5+ Ke6 50. a3 {[%cal Ba2a3,Ba3a4,Ba4a5][%mdl 32]} Rh2+ 51. Kg3 Ra2 52. a4 Ra3 53. Rb5 Kxd6 54. Kf4 Kc6 55. Kxe4 a6 56. Rg5 Rxb3 57. a5 b5 58. Kd4 bxc4 {And now ...d5! would win.} 59. Rc5+ Kd6 60. Rd5+ Kc6 {( -> ...Rd3+)} 61. Rc5+ Kd6 {Precision: White = 60%, Black = 60%.} 1/2-1/2

[Event "XLIII Sevilla Open 2018"]
[Site "Sevilla"]
[Date "2018.01.18"]
[Round "7"]
[White "Saric, Ante"]
[Black "Xu, Yi"]
[Result "1/2-1/2"]
[WhiteElo "2537"]
[BlackElo "2482"]
[Annotator "TA"]
[PlyCount "65"]
[EventDate "2018.??.??"]
[EventType "swiss"]
[EventCountry "ESP"]
[SourceTitle "playchess.com"]
[Source "ChessBase"]
[SourceQuality "1"]

{[%evp 19,65,0,0,0,0,16,8,19,19,9,14,15,25,9,7,3,5,-9,0,-24,0,0,0,0,0,-6,0,0,0,0,0,0,0,0,0,0,0,0,0,0,29,23,71,0,0,0,95,-947]} 1. Nf3 Nf6 2. c4 e6 3. g3 d5 4. Bg2 Be7 5. O-O O-O 6. b3 d4 7. e3 c5 8. exd4 cxd4 9. Bb2 Nc6 10. Re1 Ne8 11. Ne5 {A14: English Opening: 1...e6 with b3 by White} Nxe5 12. Rxe5 f6 13. Re1 {The position is equal.} e5 14. Ba3 Bxa3 (14... Nd6 15. d3 Nf7 16. Bxe7 Qxe7 17. Nd2 Qc7 18. b4 Bd7 {½-½ (35) Giri,A (2782)-Nakamura,H (2787) Paris 2016}) 15. Nxa3 Nc7 16. c5 Rb8 17. Rc1 Be6 18. f4 $146 ({Predecessor:} 18. Nc4 Bd5 {1-0 (36) Manouck,T (2273)-Colin,V (2368) Chartres 2005}) 18... exf4 19. gxf4 Bd5 20. Qg4 f5 21. Bxd5+ Qxd5 22. Qg2 Rf6 {[#] ...Rg6 is the strong threat.} 23. Qxd5+ Nxd5 24. Rc4 Rg6+ 25. Kf1 Nxf4 26. Rxd4 Nh3 27. Re7 f4 {[#] ( -> ...f3)} 28. Rd3 $36 {[%mdl 2048] White has some pressure.} Rg1+ 29. Ke2 Rg2+ 30. Kf3 Rg1 ({Wrong is} 30... Rxh2 $2 31. Rdd7 $16) 31. Ke2 Rg2+ 32. Kf3 Rg1 ({Don't play} 32... Rxh2 $6 33. Rdd7 $16) 33. Ke4 $2 {[%mdl 40960] Precision: White = 66%, Black = 53%. . An unexpected result.} (33. Nc4 $16) 1/2-1/2